Arte reciente en Santiago de Chile: Galería Posada del Corregidor, exposiciones 1998

שמור ב:
מידע ביבליוגרפי
פורמט: ספר
שפה:ספרדית
יצא לאור: Santiago Municipalidad de Santiago 1998
נושאים:
תגים: הוספת תג
אין תגיות, היה/י הראשונ/ה לתייג את הרשומה!

MARC

LEADER 00000nam a2200000 a 4500
001 UCO4963
003 CL-VaPUC
008 000825e19980000CL |||||||||||||||||spa|d
082 0 4 |a 708.983315  |b ART  |2 21 
245 1 0 |a Arte reciente en Santiago de Chile: Galería Posada del Corregidor, exposiciones 1998 
300 |a 133 p 
942 |c BK 
945 |d 20000825 00:00:00  |a crobeson 
260 |a Santiago  |b Municipalidad de Santiago  |c 1998 
650 7 |a EXPOSICIONES ARTISTICAS  |2 CL-VaPUC  |9 449665 
650 7 |a GALERIAS DE ARTE  |2 CL-VaPUC  |9 449666 
651 0 |a Santiago (Chile)  |9 261130 
583 |a last modification  |c 20000825 00:00:00  |k Rodrigo Vera 
999 |c 290922  |d 290920 
952 |0 0  |1 0  |4 0  |6 708_983315000000000_ART_1998  |7 0  |8 R  |9 340551  |a BIBART  |b BIBART  |d 2019-11-20  |i 1217453  |o 708.983315 ART 1998  |p 1217453  |r 2025-03-13  |w 2019-11-20  |y BK_R  |k ART